<?xml version="1.0" encoding="UTF-8"?>
<record
    xmlns:xsi="http://www.w3.org/2001/XMLSchema-instance"
    xsi:schemaLocation="http://www.loc.gov/MARC21/slim http://www.loc.gov/standards/marcxml/schema/MARC21slim.xsd"
    xmlns="http://www.loc.gov/MARC21/slim">

  <leader>04076nmm a2200397   4500</leader>
  <datafield tag="999" ind1=" " ind2=" ">
    <subfield code="c">14172</subfield>
    <subfield code="d">14172</subfield>
  </datafield>
  <controlfield tag="001">53756</controlfield>
  <controlfield tag="003">Biblioteca APEC</controlfield>
  <controlfield tag="005">20251014103517.0</controlfield>
  <controlfield tag="008">190205b2018    dr ||||| |||| 00| 0 spa d</controlfield>
  <datafield tag="040" ind1=" " ind2=" ">
    <subfield code="c">Biblioteca APEC</subfield>
  </datafield>
  <datafield tag="041" ind1=" " ind2=" ">
    <subfield code="a">spa</subfield>
  </datafield>
  <datafield tag="090" ind1=" " ind2=" ">
    <subfield code="a">eT TPG-CI MAS-03 2018</subfield>
  </datafield>
  <datafield tag="100" ind1=" " ind2=" ">
    <subfield code="a">Varela de la Rosa, Nelly Yubelky</subfield>
    <subfield code="9">44786</subfield>
  </datafield>
  <datafield tag="245" ind1=" " ind2=" ">
    <subfield code="a">Propuesta de estrategia did&#xE1;ctica para desarrollar las competencias conecta, modela y representa para ense&#xF1;ar la identificaci&#xF3;n y clasificaci&#xF3;n de los tri&#xE1;ngulos en 4to de secundaria en el Centro Educativo La Trinidad, Distrito Educativo 05-04, provincia Hato Mayor /</subfield>
    <subfield code="c">Nelly Yubelky Varela de la Rosa; Asesor : Ricardo Benjam&#xED;n Valdez Reyes</subfield>
  </datafield>
  <datafield tag="260" ind1=" " ind2=" ">
    <subfield code="a">Hato Mayor del Rey :</subfield>
    <subfield code="b">Universidad APEC,</subfield>
    <subfield code="c">2018</subfield>
  </datafield>
  <datafield tag="300" ind1=" " ind2=" ">
    <subfield code="a">1 CD ROM</subfield>
  </datafield>
  <datafield tag="500" ind1=" " ind2=" ">
    <subfield code="a">CAMPUS I</subfield>
  </datafield>
  <datafield tag="500" ind1=" " ind2=" ">
    <subfield code="a">Tesis en Formato PDF</subfield>
  </datafield>
  <datafield tag="500" ind1=" " ind2=" ">
    <subfield code="a">Tesis en Formato Electr&#xF3;nico</subfield>
  </datafield>
  <datafield tag="500" ind1=" " ind2=" ">
    <subfield code="a">Tesis en Formato Digital</subfield>
  </datafield>
  <datafield tag="502" ind1=" " ind2=" ">
    <subfield code="a">Tesis (Maestr&#xED;a en Matem&#xE1;tica Superior) - Universidad APEC, 2018</subfield>
  </datafield>
  <datafield tag="505" ind1=" " ind2=" ">
    <subfield code="a">MARCO TE&#xD3;RICO &#x2013; 8
1.1 Antecedentes hist&#xF3;ricos &#x2013; 8
1.1.2 Bases te&#xF3;ricas -- 12
1.1.3 Marco contextual -- 16
1.1.4 Estrategias did&#xE1;cticas -- 19
1.1.5 Enfoque por competencia -- 21
1.2	Marco conceptual &#x2013; 35
1.2.1 Elementos del tri&#xE1;ngulo -- 37
1.2.2 Clasificaci&#xF3;n de los tri&#xE1;ngulos seg&#xFA;n sus lados y sus &#xE1;ngulos -- 39
1.2.3 Propiedades relativas a los lados y a los &#xE1;ngulos de un tri&#xE1;ngulo -- 45
1.2.4 Puntos y rectas notables en el tri&#xE1;ngulo -- 49
1.2.5 Tri&#xE1;ngulo congruentes -- 51
1.2.6 Tri&#xE1;ngulo rect&#xE1;ngulo -- 53
ESTRATEGIA DID&#xC1;CTICA &#x2013; 55
2.1 Descripci&#xF3;n de la estrategia &#x2013; 55
2.2 Planificaci&#xF3;n &#x2013; 57
2.3 Ejecuci&#xF3;n &#x2013; 60
2.4 Evaluaci&#xF3;n &#x2013; 68
Conclusiones &#x2013; 76
Recomendaciones - 77
</subfield>
  </datafield>
  <datafield tag="520" ind1=" " ind2=" ">
    <subfield code="a">El presente trabajo de investigaci&#xF3;n se orient&#xF3; en dise&#xF1;ar una estrategia did&#xE1;ctica para la ense&#xF1;anza que contribuya a desarrollar las competencias conecta, modela y representa para ense&#xF1;ar la identificaci&#xF3;n y clasificaci&#xF3;n de los tri&#xE1;ngulos en 4to. de secundaria en el Centro Educativo La Trinidad. La investigaci&#xF3;n se encamin&#xF3; enfocada en un tipo de estudio deductivo, partiendo de conocimientos generales para llegar a conclusiones particulares, utilizando datos existentes y tomando en cuenta cada uno de los objetivos que dieran lugar a la elaboraci&#xF3;n de la propuesta, para lograr un aprendizaje significativo en la identificaci&#xF3;n y clasificaci&#xF3;n de los tri&#xE1;ngulos en los alumnos y 4to. de secundaria. El mismo  consisti&#xF3; en elaborar una estrategia did&#xE1;ctica, con el desarrollo de una  secuencia de ense&#xF1;anza, mediante una unidad did&#xE1;ctica a trav&#xE9;s de una planificaci&#xF3;n que englobara los contenidos, procedimientos y actitudes, utilizando diferentes t&#xE9;cnicas e instrumentos que faciliten la elaboraci&#xF3;n de actividades que promuevan el aprendizaje significativo y que se puedan desarrollar las competencias conecta, modela y representa en la identificaci&#xF3;n y clasificaci&#xF3;n de los tri&#xE1;ngulos. Tambi&#xE9;n incluimos la evaluaci&#xF3;n que utilizaremos, la cual consiste en la elaboraci&#xF3;n de rubricas para evaluar los diferentes procesos en nuestra planificaci&#xF3;n. Con esta secuencia de ense&#xF1;anza, aspiramos lograr el desarrollo de los conocimientos de los estudiantes que se pretende formar, con la elaboraci&#xF3;n de una serie de actividades que motiven al estudiantado a tener una participaci&#xF3;n activa y al desarrollo de competencias. </subfield>
  </datafield>
  <datafield tag="650" ind1=" " ind2=" ">
    <subfield code="a">Matem&#xE1;ticas</subfield>
    <subfield code="x">Ense&#xF1;anza</subfield>
    <subfield code="9">44919</subfield>
  </datafield>
  <datafield tag="650" ind1=" " ind2=" ">
    <subfield code="a">Geometr&#xED;a</subfield>
    <subfield code="x">Ense&#xF1;anza secundaria</subfield>
    <subfield code="9">44920</subfield>
  </datafield>
  <datafield tag="650" ind1=" " ind2=" ">
    <subfield code="a">Tri&#xE1;ngulos esf&#xE9;ricos</subfield>
    <subfield code="x">Ense&#xF1;anza</subfield>
    <subfield code="9">44921</subfield>
  </datafield>
  <datafield tag="650" ind1=" " ind2=" ">
    <subfield code="a">&#xC1;ngulos esf&#xE9;ricos</subfield>
    <subfield code="9">44922</subfield>
  </datafield>
  <datafield tag="650" ind1=" " ind2=" ">
    <subfield code="a">Pedagog&#xED;a</subfield>
    <subfield code="9">44923</subfield>
  </datafield>
  <datafield tag="700" ind1=" " ind2=" ">
    <subfield code="a">Valdez Reyes, Ricardo Benjam&#xED;n</subfield>
    <subfield code="e">asesor</subfield>
    <subfield code="9">44787</subfield>
  </datafield>
  <datafield tag="856" ind1=" " ind2=" ">
    <subfield code="u">https://bibliotecaunapec.blob.core.windows.net/tesis/TPG_CI_MAS_03_2018_ET180259.pdf</subfield>
    <subfield code="y">Hacer clic para ver el PDF. (1.42 MB). Trabajo de Posgrado</subfield>
  </datafield>
  <datafield tag="942" ind1=" " ind2=" ">
    <subfield code="2">ddc</subfield>
    <subfield code="c">E-TES</subfield>
  </datafield>
  <datafield tag="336" ind1=" " ind2=" ">
    <subfield code="a">Texto</subfield>
    <subfield code="b">txt</subfield>
    <subfield code="2">rdacontent</subfield>
  </datafield>
  <datafield tag="337" ind1=" " ind2=" ">
    <subfield code="a">ordenador</subfield>
    <subfield code="b">c</subfield>
    <subfield code="2">rdamedia</subfield>
  </datafield>
  <datafield tag="338" ind1=" " ind2=" ">
    <subfield code="a">recurso en l&#xED;nea</subfield>
    <subfield code="b">cr</subfield>
    <subfield code="2">rdacarrier</subfield>
  </datafield>
  <datafield tag="072" ind1=" " ind2=" ">
    <subfield code="a">Facultad de Humanidades</subfield>
  </datafield>
</record>
